000 01364ngm a22003370a 4500
001 PT38755
003 AR-LpoUNG
005 20210202000532.0
007 vd cvaizq
008 191001s1969||||ag |||||||||||||||||spa d
037 _c$11.25
040 _aAR-LpoUNG
_bspa
_cAR-LpoUNG
_eaacr
041 _aspa
044 _aag
082 0 _a302.54 274dep
100 1 _aFavio, Leonardo
_edir.
245 1 3 _aEl dependiente
260 _aBuenos Aires :
_bBlackman,
_c1969.
300 _aDVD (82 min.) : son., col.
505 0 _aGuión: Jorge Zuhair Jury y Roberto Irigoyen sobre cuento de Jorge Zuhair Jury. - Elenco: Graciela Borges, Walter Vidarte, Fernando Iglesias, Nora Cullen. - Producción: Leopoldo Torre Nilsson. - Fotografía: Aníbal Di Salvo. - Montaje: Antonio Ripoll. - Música: Vico Bert.
520 _aJusto en el momento que se compromete con una chica retraida y bella, un dependiente (vendedor) de un ferreteria de pueblo, saca a relucir toda su avaricia interior al ver que el dueño de la miserble ferreteria en la que trabaja puede morir, y por deducción (ya que no tiene familiares) el negocio puede llegar a sus manos
650 4 _aARGENTINA
650 4 _aDRAMA
650 4 _aRELACIONES HUMANAS
651 4 _aArgentina
653 _aCINE ARGENTINO
653 _aDVD
653 _aVIDEOS
905 _a38755
942 _cDVD
999 _c55067
_d55067